[Event "ICS Rated blitz match"]
[Site "207.99.83.227"]
[Date "1999.03.16"]
[Round "?"]
[White "Flegeton"]
[Black "Hossa"]
[Result "1/2-1/2"]
[WhiteElo "2878"]
[BlackElo "2531"]
[PlyCount "140"]

1. e4 e5 2. f4 exf4 3. Nf3 Bb4 4. Bc4 Qe7 5. Qe2 Nf6 6. e5 Nh5 7. c3 Bc5 8. d4
Bb6 9. O-O Nc6 10. Qe4 d6 11. Re1 O-O 12. Bxf4 Nxf4 13. Qxf4 Bd7 14. Nbd2 Rae8
15. exd6 Qxd6 16. Qxd6 cxd6 17. Ne4 Bc7 18. Neg5 Ne7 19. Bd3 Ng6 20. Rxe8 Rxe8
21. Bc4 Nh8 22. Re1 Rxe1+ 23. Nxe1 b5 24. Bd5 h6 25. Ne4 Kh7 26. Nd3 f5 27. Ng3
Ng6 28. Kf2 Ne7 29. Bb3 d5 30. Bc2 Kg8 31. Nc5 Bc8 32. Bd3 a6 33. Nf1 g5 34.
Ke2 Kh8 35. a4 bxa4 36. Bxa6 Bxa6+ 37. Nxa6 Bd6 38. Nc5 Bxc5 39. dxc5 f4 40.
Nd2 Kg7 41. Nf3 Kf6 42. Nd4 Ke5 43. h3 h5 44. Kd2 g4 45. hxg4 hxg4 46. Kd3 Ng8
47. Ke2 Ne7 48. Kf2 Ng6 49. Ke1 Nh4 50. Kf1 Nf5 51. Nc6+ Ke4 52. Nb4 Ne3+ 53.
Kg1 d4 54. cxd4 Kxd4 55. c6 Nc4 56. c7 Nb6 57. Nc6+ Kc4 58. Kf2 f3 59. gxf3
gxf3 60. Kxf3 Nc8 61. Ke4 Kb3 62. Ne5 Kxb2 63. Kd4 a3 64. Nc4+ Kb3 65. Nxa3
Kxa3 66. Kc5 Ka4 67. Kc6 Kb4 68. Kd7 Nb6+ 69. Kd8 Kb3 70. c8=Q 70... Nxc8 {
Game drawn because neither player has mating material} 1/2-1/2

[Event "ICS rated bullet match"]
[Site "207.99.83.227"]
[Date "1999.03.16"]
[Round "?"]
[White "TDChess"]
[Black "Hossa"]
[Result "1-0"]
[WhiteElo "2553"]
[BlackElo "2347"]
[Annotator "Crafty v16.5"]
[PlyCount "145"]

{annotating for player Hossa using a scoring margin of +0.10 pawns. search
time limit is 10.00} 1. d4 1... Nf6 2. Nf3 e6 3. e3 Be7 4. Bd3 O-O 5. O-O d5 6.
c4 Nc6 7. Nc3 Nb4 8. Be2 Bd7 9. Qb3 dxc4 10. Qxc4 Bc6 ({8:-0.45} 10... Bc6 11.
Ne1 g5 12. Bd2 Nfd5 13. Bf3 Nb6 14. Qe2 $14) ({8:-0.07} 10... Nfd5 11. Ne5 Nb6
12. Qb3 c5 13. Rd1 cxd4 14. Rxd4 N4d5 15. Nxd5 15... exd5 $10) 11. Ne5 Bd5 12.
Nxd5 Nbxd5 ({7:-0.88} 12... Nbxd5 13. f4 Bd6 14. Nf3 Ng4 15. Qd3 15... Qd7 $16)
({7:-0.70} 12... Nfxd5 13. a3 Nb6 14. Qb3 Qd5 15. Qxd5 N4xd5 16. f4 $14) 13.
Bd2 Ne4 14. Ba5 Bf6 ({8:-0.44} 14... Bf6 15. Qc2 Nd6 16. Rac1 b6 17. Bd2 c5 18.
Nc6 $14) ({8:-0.26} 14... f6 15. Qc2 Ng5 16. Nf3 Nxf3+ 17. Bxf3 b6 18. Bc3 Rc8
19. Bd2 $10) 15. Rac1 Nd6 16. Qc2 Bxe5 ({8:-1.17} 16... Bxe5 17. dxe5 Ne8 18.
e4 Nf4 19. Bb4 Qg5 20. Bf3 Qxe5 21. Bxf8 21... Kxf8 $16) ({8:-0.56} 16... Rc8
17. Bd3 h6 18. e4 Nb6 19. f4 Qe7 20. Qc5 $14) 17. dxe5 Ne8 18. Qb3 b6 19. Be1
c5 20. Rd1 Qh4 ({9:-0.62} 20... Qh4 21. f4 Qe7 22. e4 Nb4 23. Qc4 a5 24. Bc3
Rd8 25. Rxd8 25... Qxd8 $14) ({9:-0.38} 20... Qc7 21. f4 c4 22. Bxc4 Nxe3 23.
Qxe3 Qxc4 24. b3 24... Qc2 $14) 21. f4 Qh6 22. Bg3 Rc8 23. e4 Nb4 24. Qa4 a5 ({
9:-2.80} 24... a5 25. a3 Nc6 26. Ba6 b5 27. Bxb5 Nd4 28. Qxa5 28... f6 $18) ({
9:-1.78} 24... Qg6 $18) 25. a3 Nc6 26. Ba6 Rc7 27. Bb5 Nd4 28. Bxe8 Ne2+ 29.
Kf2 Nxf4 30. Qb5 Nh5 31. Qxb6 Nxg3 32. hxg3 Rc8 33. Bb5 Qh5 34. Qd6 Qg4 35. Rh1
Rb8 36. a4 Rfc8 37. Rh4 Qg5 38. Rdh1 h6 39. Rf4 Rb7 40. Rd1 Rbb8 41. Rc1 c4 42.
Rxc4 Rd8 43. Qc7 Rd2+ 44. Kf3 Rf8 45. Rc1 Rxb2 46. Qc3 Rb4 47. Kf2 Qg6 48. Kg1
Qg5 49. Rd1 Qg6 50. Rdf1 Kh8 51. Qc5 Kg8 52. Qe7 Rxe4 53. Bd3 Rxf4 54. Bxg6
Rxf1+ 55. Kxf1 fxg6+ 56. Ke2 Ra8 57. Qxe6+ Kh7 58. Qd5 Ra7 59. e6 Rc7 60. Kd2
Re7 61. Qd7 Rxd7+ 62. exd7 g5 63. d8=Q Kg6 64. Qb6+ Kf7 65. Qxa5 Kf6 66. Qb6+
Kf7 67. a5 h5 68. a6 g4 69. a7 g6 70. Qc7+ Kf6 71. a8=Q Ke6 72. Qac6+ Kf5 73.
Qf4# 1-0

[Event "ICS rated bullet match"]
[Site "207.99.83.227"]
[Date "1999.03.16"]
[Round "?"]
[White "Hossa"]
[Black "TDChess"]
[Result "1-0"]
[WhiteElo "2340"]
[BlackElo "2560"]
[PlyCount "101"]

1. e4 d5 2. exd5 Qxd5 3. Nc3 Qe6+ 4. Be2 Qg6 5. Bf3 Nc6 6. d3 Nd4 7. Be3 e5 8.
Nd5 Qd6 9. Nc3 Nf6 10. Bg5 Qb6 11. Bxf6 Qxb2 12. Nd5 gxf6 13. Rc1 Kd8 14. c3
Bh6 15. Rb1 Nxf3+ 16. Nxf3 Qxa2 17. Nxf6 Ke7 18. Ne4 f5 19. Neg5 Rg8 20. h4 e4
21. dxe4 fxe4 22. Nd2 e3 23. fxe3 Rd8 24. Rb4 Rd3 25. Re4+ Kd8 26. Ke2 Rd6 27.
c4 Bxg5 28. hxg5 Bf5 29. Rf4 Qa3 30. Kf3 Qa5 31. Nb3 Qa6 32. Qc1 Qc6+ 33. Kg3
Bg6 34. Rf8+ Be8 35. Rxh7 Qe4 36. Rhh8 Qe5+ 37. Kf3 Ke7 38. Kf2 Qxg5 39. Rfg8
Qe5 40. Rh7+ Kd8 41. Rgg7 Rc8 42. Nd2 Qa5 43. Nf3 Qa2+ 44. Kg3 Rc6 45. e4 Qa5
46. Rg5 Bg6 47. Qd1+ Rd6 48. Rxg6 Qh5 49. Rxd6+ Ke8 50. Re6+ Kf8 51. Qd7 {
TDChess resigns} 1-0

[Event "ICS Rated blitz match"]
[Site "207.99.83.227"]
[Date "1999.03.16"]
[Round "?"]
[White "Hossa"]
[Black "Fallen-Star"]
[Result "1-0"]
[WhiteElo "2543"]
[BlackElo "2380"]
[PlyCount "112"]

1. e4 Nf6 2. e5 Nd5 3. Nc3 Nxc3 4. dxc3 c5 5. Nf3 d5 6. exd6 exd6 7. Bb5+ Bd7
8. Bxd7+ Qxd7 9. O-O Be7 10. Bg5 O-O 11. Bxe7 Qxe7 12. Qd5 Nc6 13. Rfe1 Qf6 14.
Rad1 Rad8 15. Re2 Rd7 16. Rf1 Rfd8 17. Kh1 Ne7 18. Rfe1 Ng6 19. Re8+ Nf8 20.
Rxd8 Qxd8 21. Ng5 Qf6 22. Ne4 Qe5 23. Qxe5 dxe5 24. Nxc5 Rd2 25. Rc1 Rxf2 26.
Nxb7 Ne6 27. Nd6 Nf4 28. g3 Ne2 29. Rd1 f6 30. Ne4 Rf3 31. Rd8+ Kf7 32. Kg2 Re3
33. Nd6+ Ke7 34. Kf2 Kxd8 35. Kxe3 Ng1 36. Ke4 g6 37. Kd5 Kd7 38. a4 Nf3 39.
Ne4 Ke7 40. a5 f5 41. Nd6 e4 42. Nc4 Nxh2 43. Kc6 g5 44. Kb7 f4 45. a6 fxg3 46.
Ne3 Ng4 47. Nf5+ Kd7 48. Nxg3 e3 49. Kxa7 Kc7 50. b4 h5 51. b5 h4 52. b6+ Kd7
53. Ne2 h3 54. b7 h2 55. b8=Q h1=Q 56. Qb7+ 56... Qxb7+ {Fallen-Star resigns}
1-0

[Event "ICS rated bullet match"]
[Site "207.99.83.227"]
[Date "1999.03.16"]
[Round "?"]
[White "Tomo"]
[Black "Hossa"]
[Result "1/2-1/2"]
[WhiteElo "2225"]
[BlackElo "2365"]
[PlyCount "334"]

1. e4 c5 2. Nf3 Nf6 3. Nc3 Nc6 4. d4 d5 5. exd5 Nxd5 6. Bb5 Nxc3 7. bxc3 cxd4
8. Bxc6+ bxc6 9. cxd4 Bg4 10. O-O Qd5 11. Be3 e6 12. h3 Bxf3 13. Qxf3 Qxf3 14.
gxf3 Bd6 15. Rab1 Rd8 16. Rb7 a5 17. Rfb1 Rc8 18. Ra7 Bb4 19. a3 Bxa3 20. Rxa5
Bd6 21. Rb7 Rb8 22. Raa7 Rxb7 23. Rxb7 Rg8 24. Kf1 g5 25. Ke2 Rg6 26. Kd3 Rh6
27. Bxg5 Rxh3 28. Ke2 Rh5 29. Be3 Rb5 30. Rxb5 cxb5 31. Bh6 f5 32. Kd3 Kf7 33.
Kc3 f4 34. Kb3 Kg6 35. Bxf4 Bxf4 36. c4 bxc4+ 37. Kxc4 Kf6 38. d5 exd5+ 39.
Kxd5 Kf5 40. Kd4 Bg5 41. Kd3 Kf4 42. Ke2 Bh4 43. Kf1 Kxf3 44. Kg1 Bxf2+ 45. Kh2
Be1 46. Kh1 Bc3 47. Kg1 Kg3 48. Kh1 Be5 49. Kg1 Bd4+ 50. Kh1 Kg4 51. Kh2 Kf3
52. Kh1 Be5 53. Kg1 Kf4 54. Kh1 Ke3 55. Kg2 Bf4 56. Kh1 Ke2 57. Kg2 Bg5 58. Kh1
Ke3 59. Kg2 Ke4 60. Kh1 Kf3 61. Kg1 Kg3 62. Kh1 Bh6 63. Kg1 Be3+ 64. Kh1 Bf4
65. Kg1 h5 66. Kh1 h4 67. Kg1 h3 68. Kh1 Bb8 69. Kg1 Be5 70. Kh1 Bf4 71. Kg1
Be3+ 72. Kh1 Bc1 73. Kg1 Kg4 74. Kh1 Bb2 75. Kg1 Be5 76. Kh1 Kg3 77. Kg1 Bd4+
78. Kh1 Bc3 79. Kg1 Bf6 80. Kh1 Kg4 81. Kg1 Bg5 82. Kh1 Kg3 83. Kg1 Bd2 84. Kh1
Bb4 85. Kg1 Kf4 86. Kh1 Kg4 87. Kg1 Bc5+ 88. Kh1 Bd6 89. Kg1 Kf3 90. Kh1 Be5
91. Kg1 Ke4 92. Kh1 Bf4 93. Kg1 Ke3 94. Kh1 Kf3 95. Kg1 Ke4 96. Kh1 Be5 97. Kg1
Kf3 98. Kh1 Ke3 99. Kg1 Bd6 100. Kh1 Kf3 101. Kg1 Kg3 102. Kh1 Be7 103. Kg1
Bc5+ 104. Kh1 Bd6 105. Kg1 Be7 106. Kh1 Bf6 107. Kg1 Bg5 108. Kh1 Kg4 109. Kg1
Kh5 110. Kh1 Kh4 111. Kg1 Bd8 112. Kh1 Kg3 113. Kg1 Bc7 114. Kh1 Kg4 115. Kg1
Bd6 116. Kh1 h2 117. Kg2 Bf4 118. Kh1 Kh4 119. Kg2 Bg3 120. Kh1 Kg5 121. Kg2
Bf4 122. Kh1 Kg4 123. Kg2 Kf5 124. Kh1 Kg5 125. Kg2 Be5 126. Kh1 Kh6 127. Kg2
Kg6 128. Kh1 Kg5 129. Kg2 Kf5 130. Kh1 Kg4 131. Kg2 Bb8 132. Kh1 Bc7 133. Kg2
Kh5 134. Kh1 Kh4 135. Kg2 Be5 136. Kh1 Kh5 137. Kg2 Kh6 138. Kh1 Kg6 139. Kg2
Kh5 140. Kh1 Kh4 141. Kg2 Kg4 142. Kh1 Kf5 143. Kg2 Ke6 144. Kh1 Bf4 145. Kg2
Bd6 146. Kh1 Kf5 147. Kg2 Kf6 148. Kh1 Be5 149. Kg2 Bg3 150. Kh1 Ke5 151. Kg2
Ke4 152. Kh1 Kd5 153. Kg2 Ke5 154. Kh1 Ke4 155. Kg2 Be5 156. Kh1 Kd5 157. Kg2
Kd4 158. Kh1 Ke3 159. Kg2 Bg3 160. Kh1 Kf4 161. Kg2 Kg4 162. Kh1 Bb8 163. Kg2
Kf5 164. Kh1 Kg5 165. Kg2 Bd6 166. Kh1 Kh4 167. Kg2 167... Kg4 {
Game drawn by the 50 move rule} 1/2-1/2

[Event "ICS rated bullet match"]
[Site "207.99.83.227"]
[Date "1999.03.16"]
[Round "?"]
[White "TDChess"]
[Black "Hossa"]
[Result "1-0"]
[WhiteElo "2535"]
[BlackElo "2359"]
[Annotator "Crafty v16.5"]
[PlyCount "104"]

{annotating for player Hossa using a scoring margin of +0.10 pawns. search
time limit is 10.00} 1. d4 1... Nf6 2. Nf3 e6 3. e3 Be7 4. Bd3 O-O 5. O-O d5 6.
c4 Nc6 7. Nc3 Nb4 8. Be2 Bd7 9. c5 Nc6 ({9:-0.61} 9... Nc6 10. Ne1 Ne4 11. Qd3
Nb4 12. Qb1 b6 13. Nxe4 dxe4 14. Qxe4 14... bxc5 $14) ({9:-0.26} 9... b6 10. a3
Nc6 11. cxb6 axb6 12. Ne1 Na7 13. f4 c5 14. Nf3 cxd4 15. Qxd4 $10) 10. Qc2 Rc8
({8:-0.40} 10... Rc8 11. Ne5 Nxe5 12. dxe5 Ne8 13. Nb5 a6 14. Nd4 14... f5 $14)
({8:-0.16} 10... b6 11. Na4 Qe8 12. b3 Nd8 13. Ba3 Bxa4 14. bxa4 bxc5 15. Bxc5
Bxc5 16. Qxc5 $10) 11. Bd2 b6 12. cxb6 cxb6 13. Rac1 Ne4 14. Qd1 Nxd2 ({8:-0.44
} 14... Nxd2 15. Nxd2 g5 16. Ba6 Rb8 17. Qe2 f5 18. f4 gxf4 19. Rxf4 $14) ({
8:-0.10} 14... f5 15. Ne1 f4 16. Nxe4 dxe4 17. Ba6 Rb8 18. Qc2 Bb4 19. Bxb4
19... Nxb4 $10) 15. Qxd2 Bb4 ({8:-0.45} 15... Bb4 16. Ne1 g5 17. Nd3 Be7 18.
Bh5 Qc7 19. f3 $14) ({8:-0.10} 15... f5 16. Ba6 Rb8 17. Rfe1 Bb4 18. a3 Bd6 19.
Bd3 $10) 16. Ba6 Rc7 ({8:-0.39} 16... Rc7 17. Ne1 Nb8 18. Bd3 Bxc3 19. Rxc3
Rxc3 20. Qxc3 Qc8 21. Qd2 $14) ({8:-0.13} 16... Rb8 17. a3 Bd6 18. Bd3 Rc8 19.
Nb5 Qe7 20. Nxd6 20... Qxd6 $10) 17. a3 Bxc3 18. Qxc3 Be8 ({9:-0.71} 18... Be8
19. Nd2 g5 20. b4 Re7 21. Bd3 Qd6 22. b5 22... Na5 $16) ({9:-0.19} 18... f6 19.
b4 Bc8 20. Bd3 a6 21. Qc2 f5 22. Qe2 22... a5 $10) 19. b4 Re7 20. Bd3 Qd6 ({
9:-1.17} 20... Qd6 21. Ng5 f5 22. f4 Nb8 23. b5 Nd7 24. Rf3 24... Bg6 $16) ({
9:-0.66} 20... f6 21. Qc2 g5 22. Nd2 Qd6 23. f3 Bd7 24. b5 24... Na5 $14) 21.
b5 Nd8 22. a4 f5 ({9:-0.85} 22... f5 23. Ne5 f4 24. Qc2 g6 25. Be2 Rf6 26. exf4
Rxf4 27. Rfd1 $16) ({9:-0.60} 22... f6 23. Qc2 g6 24. Nd2 e5 25. dxe5 fxe5 26.
f3 Ne6 27. Rfd1 $14) 23. Ne5 Nf7 24. Nc6 Rc7 25. a5 Nd8 26. axb6 axb6 27. Qb2
Nxc6 28. bxc6 Rxc6 29. Rxc6 Qxc6 30. Rc1 Qd6 31. Rb1 f4 32. Qxb6 Qxb6 33. Rxb6
fxe3 34. fxe3 Rf6 35. g4 h6 36. h4 e5 37. Rb8 Kf7 38. dxe5 Re6 39. e4 Rxe5 40.
exd5 Ke7 41. Bb5 Bxb5 42. Rxb5 Kd6 43. Kf2 h5 44. Kf3 hxg4+ 45. Kxg4 Rxd5 46.
Rxd5+ Kxd5 47. Kf5 Kd6 48. Kg6 Ke5 49. h5 Kf4 50. Kxg7 Kg5 51. h6 Kf5 52. h7
Ke6 1-0

[Event "ICS rated blitz match"]
[Site "207.99.83.227"]
[Date "1999.03.16"]
[Round "?"]
[White "StrongBach"]
[Black "Hossa"]
[Result "0-1"]
[WhiteElo "1896"]
[BlackElo "2552"]
[PlyCount "60"]

1. d4 Nf6 2. Bf4 d5 3. Qd3 Nc6 4. Nc3 Bg4 5. O-O-O Qd7 6. Nb5 Rc8 7. Qc3 a6 8.
Na3 Ne4 9. Qe3 Bf5 10. h3 e5 11. dxe5 Bc5 12. Qb3 Nd4 13. Qxb7 Nxf2 14. Rxd4
Bxd4 15. Rh2 Nd1 16. Kxd1 Bxg1 17. Rh1 Bd4 18. e3 Bc5 19. Bxa6 O-O 20. Qb5 Ra8
21. Qxc5 Rxa6 22. Ke1 Rb8 23. Qd4 Rxa3 24. e6 fxe6 25. Bxc7 Qxc7 26. e4 Rxa2
27. exf5 Qxc2 28. Qd1 Qxb2 29. Qc2 Qxc2 30. fxe6 30... Ra1# {
StrongBach checkmated} 0-1

[Event "ICS rated blitz match"]
[Site "207.99.83.227"]
[Date "1999.03.16"]
[Round "?"]
[White "Hossa"]
[Black "StrongBach"]
[Result "1-0"]
[WhiteElo "2553"]
[BlackElo "1895"]
[PlyCount "55"]

1. e4 d5 2. exd5 Qxd5 3. Nc3 Qe5+ 4. Be2 Qf5 5. Nf3 Bd7 6. O-O h5 7. d4 Nc6 8.
d5 Nb4 9. Nd4 Qe5 10. a3 Nxd5 11. Nxd5 Qxd5 12. Bf3 Qa5 13. Bxb7 Rd8 14. Nc6
Qb6 15. Nxd8 Kxd8 16. Bf3 h4 17. Be3 Qxb2 18. Rb1 Qxb1 19. Qxb1 e6 20. Qb8+ Bc8
21. Rd1+ Bd6 22. Rxd6+ cxd6 23. Qxd6+ Bd7 24. Qf8+ Kc7 25. Bf4+ Kb6 26. Qb8+
Ka6 27. Be2+ Ka5 28. Qxa7# {StrongBach checkmated} 1-0

[Event "ICS rated blitz match"]
[Site "207.99.83.227"]
[Date "1999.03.16"]
[Round "?"]
[White "Hossa"]
[Black "JSBach"]
[Result "1-0"]
[WhiteElo "2550"]
[BlackElo "1938"]
[PlyCount "125"]

1. e4 e6 2. d4 Qh4 3. Nd2 Bb4 4. c3 Be7 5. Ngf3 Qf4 6. Bd3 Nc6 7. Nc4 Qg4 8.
O-O d5 9. Ne3 Qh5 10. exd5 exd5 11. Be2 Bg4 12. Nxg4 Qxg4 13. Ne5 Qe6 14. Bb5
O-O-O 15. Nxc6 bxc6 16. Ba6+ Kd7 17. Re1 Qf6 18. Qg4+ Ke8 19. Qg3 c5 20. Bb5+
Kf8 21. Qxc7 Qb6 22. Qxb6 axb6 23. Bf4 cxd4 24. cxd4 Bb4 25. Bc7 Rc8 26. Rec1
Ne7 27. Bd7 Ra8 28. Bxb6 Bd2 29. Rc2 Bf4 30. Bc5 Rd8 31. Re1 Bg5 32. Re5 Rxd7
33. Rxg5 h6 34. Re5 f6 35. Rxe7 Rxe7 36. Re2 Kg8 37. Rxe7 Kh7 38. a4 Ra8 39. b3
Kg6 40. f3 h5 41. Rd7 Rb8 42. b4 Re8 43. a5 Re1+ 44. Kf2 Rc1 45. a6 Rc2+ 46.
Kg3 h4+ 47. Kxh4 Rxg2 48. Bf8 Rxh2+ 49. Kg4 f5+ 50. Kf4 Rh8 51. Rd6+ Kf7 52.
Rxd5 g5+ 53. Kxg5 Rg8+ 54. Kf4 Ke6 55. Rd6+ Kf7 56. Kxf5 Rg3 57. Rf6+ Ke8 58.
Ke6 Rg2 59. Bh6 Re2+ 60. Kd6 Re6+ 61. Kxe6 Kd8 62. Kd6 Kc8 63. Rf8# {
JSBach checkmated} 1-0

[Event "ICS rated blitz match"]
[Site "207.99.83.227"]
[Date "1999.03.16"]
[Round "?"]
[White "Secret"]
[Black "Hossa"]
[Result "1-0"]
[WhiteElo "2749"]
[BlackElo "2551"]
[Annotator "Crafty v16.5"]
[PlyCount "119"]

{annotating for player Hossa using a scoring margin of +0.10 pawns. search
time limit is 10.00} 1. e4 1... e5 2. Nf3 Nc6 3. Bb5 a6 4. Ba4 Nf6 5. O-O Be7
6. Re1 b5 7. Bb3 O-O 8. c3 d6 9. h3 Na5 10. Bc2 Bb7 11. d4 exd4 12. Nxd4 Qd7
13. Nf5 Rae8 14. Qf3 Kh8 15. Nxe7 Rxe7 16. Bg5 Re6 17. Nd2 Rfe8 18. Rad1 Nc4
19. Nxc4 Bxe4 ({9:-0.85} 19... Bxe4 20. Rxe4 Nxe4 21. Bxe4 Rxe4 22. Nd2 R4e5
23. Bf4 Re2 24. Qd5 $16) ({9:-0.19} 19... bxc4 20. Bxf6 Rxf6 21. Qe2 Qe6 22.
Qe3 Re7 23. Qa7 c5 24. Qb8+ 24... Bc8 $10) 20. Rxe4 Nxe4 21. Bxe4 Rxe4 22. Ne3
Qe6 ({8:-0.98} 22... Qe6 23. Nd5 Rc8 24. Nf4 Qf5 25. Rd5 Re5 26. Rxe5 26...
dxe5 $16) ({8:-0.83} 22... b4 23. Nd5 Re1+ 24. Rxe1 Rxe1+ 25. Kh2 bxc3 26. bxc3
c6 27. Nb6 Qc7 28. Nc4 $16) 23. Nd5 Re1+ ({8:-1.22} 23... Re1+ 24. Kh2 Rxd1 25.
Nxc7 Qd7 26. Nxe8 Ra1 27. Qe4 27... Rxa2 $16) ({8:-0.97} 23... Rc8 24. Nf4 Qf5
25. Rd5 Re5 26. Qg4 Qxg4 27. hxg4 Kg8 28. Rxe5 28... dxe5 $16) 24. Kh2 Rxd1 25.
Nxc7 Qe5+ ({9:-1.61} 25... Qe5+ 26. Bf4 Rd3 27. Bxe5 Rxf3 28. Nxe8 Rxf2 29.
Bxg7+ Kg8 30. b3 Rxa2 31. Kg3 $18) ({9:-1.21} 25... Qg6 26. Nxe8 Qxg5 27. Qxd1
Qe5+ 28. f4 Qxe8 29. Qxd6 a5 30. Kg3 $16) 26. Bf4 Qe4 27. Nxe8 Qxf3 28. gxf3 d5
29. a3 Rb1 30. b4 Rb3 31. Be5 f6 32. Bd4 Rxa3 33. Nc7 a5 34. bxa5 Rxa5 35. Nxd5
Ra8 36. Nc7 Rb8 37. f4 Rb7 38. Ne6 Rd7 39. Kg3 Kg8 40. f5 Kf7 41. Kf3 Re7 42.
Bc5 Rd7 43. Ke4 Ke8 44. Nd4 Rb7 45. Kd5 Kd7 46. Ne6 Rb8 47. Nxg7 Rd8 48. Nh5
Kc8+ 49. Bd6 Re8 50. Nxf6 Re2 51. Nxh7 Rxf2 52. Ke6 Rf3 53. f6 Re3+ 54. Be5
Rxh3 55. f7 Rf3 56. Nf6 Kb7 57. f8=Q Rg3 58. Qb8+ Ka6 59. Qa8+ Kb6 60. Nd7# 1-0

[Event "ICS rated bullet match"]
[Site "207.99.83.227"]
[Date "1999.03.16"]
[Round "?"]
[White "Hossa"]
[Black "JSBach"]
[Result "1-0"]
[WhiteElo "2350"]
[BlackElo "2143"]
[PlyCount "73"]

1. e4 e5 2. Nf3 Nf6 3. Nc3 Bd6 4. Bb5 c6 5. Bc4 b5 6. d4 bxc4 7. dxe5 Bc5 8.
exf6 Qxf6 9. Na4 Bd6 10. Qe2 Qg6 11. e5 Bb4+ 12. c3 Be7 13. O-O Qd3 14. Qxd3
cxd3 15. Rd1 Ba6 16. b3 f6 17. exf6 Bxf6 18. Bb2 d6 19. c4 O-O 20. Rxd3 Be7 21.
Re1 Rf7 22. Ba3 c5 23. Rxe7 Rxe7 24. Rxd6 Re2 25. Rd8+ Kf7 26. Bxc5 Rxa2 27.
Rf8+ Kg6 28. Ne5+ Kh6 29. Be3+ g5 30. h4 Kh5 31. g4+ Kxh4 32. Rh8 Ra1+ 33. Kh2
Rh1+ 34. Kxh1 Bb7+ 35. Kh2 Be4 36. f3 Bc2 37. Bf2# {JSBach checkmated} 1-0

[Event "ICS rated bullet match"]
[Site "207.99.83.227"]
[Date "1999.03.16"]
[Round "?"]
[White "JSBach"]
[Black "Hossa"]
[Result "0-1"]
[WhiteElo "2136"]
[BlackElo "2357"]
[PlyCount "90"]

1. d4 Nf6 2. Bf4 d5 3. Qd3 Nc6 4. Nc3 Bg4 5. Nb5 e5 6. dxe5 Nh5 7. Qd2 Bb4 8.
c3 Bc5 9. e6 Bb6 10. exf7+ Kxf7 11. O-O-O a6 12. h3 Be6 13. Nd4 Nxd4 14. cxd4
Re8 15. Be5 Kg8 16. g4 Nf6 17. Qf4 Ne4 18. Qe3 c5 19. Kb1 Qh4 20. Rh2 cxd4 21.
Bxd4 Bxd4 22. Qxd4 Rac8 23. Nf3 Qd8 24. Ka1 Qa5 25. Ne5 Qc7 26. Rb1 Qc2 27. Qd3
Qa4 28. Rd1 Nc5 29. b3 Nxd3 30. bxa4 Nxe5 31. Rb1 Re7 32. Rg2 Rc4 33. a5 Nc6
34. e3 Rc3 35. Be2 Nxa5 36. Kb2 Rec7 37. Re1 Rc2+ 38. Kb1 d4 39. Ka1 Bxa2 40.
Rb1 Bd5 41. Bc4 R7xc4 42. Rxb7 Bxb7 43. Kb1 Nb3 44. f3 Rxg2 45. e4 45... Rc1# {
JSBach checkmated} 0-1

[Event "ICS Rated blitz match"]
[Site "207.99.83.227"]
[Date "1999.03.16"]
[Round "?"]
[White "Hossa"]
[Black "Data"]
[Result "1/2-1/2"]
[WhiteElo "2543"]
[BlackElo "2874"]
[PlyCount "178"]

1. e4 c5 2. Bc4 e6 3. Nc3 Ne7 4. Nf3 Ng6 5. O-O Nc6 6. d4 cxd4 7. Nxd4 Nce5 8.
Bb5 Bb4 9. Nce2 O-O 10. c3 Bc5 11. b4 Bd6 12. f4 Nc6 13. Bd2 e5 14. fxe5 Bxe5
15. Be1 Qc7 16. Bg3 Nxd4 17. cxd4 Bxg3 18. Nxg3 Qb6 19. a4 a6 20. Bc4 Qxb4 21.
Bd5 Qb6 22. Rb1 Qc7 23. e5 d6 24. exd6 Qxd6 25. Bxb7 Bxb7 26. Rxb7 Qd5 27. Rc7
Nh4 28. Qd2 Rad8 29. Rd1 Rfe8 30. a5 Rc8 31. Rdc1 Rxc7 32. Rxc7 Rd8 33. Ra7 Rd6
34. h3 Re6 35. Rc7 Re1+ 36. Kh2 Re8 37. Ra7 Re6 38. Qf2 Rg6 39. Qb2 h5 40. Re7
Qxg2+ 41. Qxg2 Nxg2 42. Re8+ Kh7 43. Re5 Nf4 44. Nxh5 Rg2+ 45. Kh1 Rf2 46. Nxf4
Rxf4 47. Rd5 f5 48. Kg2 g5 49. Kg3 Kg6 50. Rd6+ Kf7 51. Kg2 Re4 52. Rxa6 Rxd4
53. Rh6 Rd2+ 54. Kf3 Kg7 55. Re6 Rd3+ 56. Re3 Rd6 57. Rb3 Kf7 58. Ke3 Ke6 59.
Ra3 Ra6 60. Kd4 Kf6 61. Kc5 f4 62. Kb5 Re6 63. a6 Re5+ 64. Kc4 Re4+ 65. Kb3 Re8
66. Kb4 Re4+ 67. Kc5 Re3 68. Ra4 Re5+ 69. Kc6 Re6+ 70. Kc7 Re7+ 71. Kd8 Ra7 72.
Kc8 g4 73. Kb8 Rxa6 74. Rxa6+ Kg5 75. hxg4 Kxg4 76. Kc7 f3 77. Rf6 Kg3 78. Rg6+
Kf4 79. Kd7 Ke3 80. Re6+ Kf4 81. Ke7 Kg3 82. Rg6+ Kf4 83. Kf7 Ke3 84. Re6+ Kf4
85. Rc6 Kg3 86. Rc3 Kg2 87. Rd3 f2 88. Rd2 Kg1 89. Rxf2 89... Kxf2 {
Game drawn because neither player has mating material} 1/2-1/2

[Event "ICS Rated blitz match"]
[Site "207.99.83.227"]
[Date "1999.03.16"]
[Round "?"]
[White "TDChess"]
[Black "Hossa"]
[Result "1-0"]
[WhiteElo "2601"]
[BlackElo "2555"]
[Annotator "Crafty v16.5"]
[PlyCount "136"]

{annotating for player Hossa using a scoring margin of +0.10 pawns. search
time limit is 10.00} 1. d4 1... Nf6 2. Nf3 e6 3. e3 Be7 4. Bd3 O-O 5. O-O d5 6.
c4 Nc6 7. Nc3 Nb4 8. Be2 Bd7 9. Qb3 Rb8 ({8:-0.25} 9... Rb8 10. c5 Nc6 11. Qc2
b6 12. Na4 Ne4 13. Nd2 $10) ({8:-0.10} 9... a5 10. a3 dxc4 11. Bxc4 a4 12. Qd1
Nbd5 13. Qd3 13... Bd6 $10) 10. cxd5 Nbxd5 11. Bd2 Nxc3 12. Bxc3 Nd5 13. Ne5
Nxc3 ({7:-0.57} 13... Nxc3 14. Qxc3 Be8 15. f4 g5 16. f5 exf5 17. Rxf5 17...
Qd6 $14) ({7:-0.12} 13... Be8 14. Bg4 c5 15. Rad1 Nxc3 16. Qxc3 Qd5 17. dxc5
17... Qxc5 $10) 14. Qxc3 Bd6 ({8:-0.78} 14... Bd6 15. Nxd7 Qxd7 16. f4 f6 17.
Bg4 Rbd8 18. Qd3 18... Bc5 $16) ({8:-0.61} 14... Be8 15. f4 g5 16. f5 exf5 17.
Rxf5 Qd6 18. Rc1 18... f6 $14) 15. Qa5 Bxe5 ({9:-0.71} 15... Bxe5 16. Qxe5 Bc6
17. Qg3 Qd6 18. f4 Be4 19. Rfc1 Rbd8 20. Qf2 $16) ({9:-0.36} 15... c5 16. Qxa7
Bxe5 17. dxe5 Qc7 18. b4 cxb4 19. Qd4 Rfd8 20. Rad1 $14) 16. dxe5 Bc6 17. Rfd1
Qe7 18. Rac1 Rbd8 19. Rxd8 Qxd8 20. Bf1 Qb8 ({8:-0.33} 20... Qb8 21. Bc4 Rd8
22. f3 b6 23. Qb4 Qb7 24. Qe7 $14) ({8:-0.20} 20... a6 21. f3 Qd5 22. Rc5 Qd7
23. Qc3 Qd1 24. Qc4 $10) 21. Rd1 Kh8 ({8:-0.47} 21... Kh8 22. Qc5 Bd5 23. Qc2
Rd8 24. e4 Bc6 25. Bd3 $14) ({8:-0.35} 21... a6 22. Bd3 Qc8 23. Qb4 Bd5 24. Qh4
h6 25. Qb4 $14) 22. Be2 Re8 23. Rd4 a6 24. Qd2 Bd5 25. Qc3 c6 ({8:-0.87} 25...
c6 26. Rf4 Bxa2 27. Bd3 Bd5 28. e4 g5 29. Rxf7 $16) ({8:-0.47} 25... Qc8 26.
Bg4 Bxa2 27. Rf4 Bd5 28. Rxf7 c5 29. f4 $14) 26. e4 c5 27. Qxc5 Bxa2 28. Rd7
Bb1 29. f3 Kg8 30. Qb6 Rc8 31. Qxb7 Qxb7 32. Rxb7 a5 33. Ra7 h5 34. Rxa5 Rc2
35. Kf2 Rxb2 36. Rb5 Rxb5 37. Bxb5 g5 38. g3 Bc2 39. h4 gxh4 40. gxh4 Kg7 41.
Ke3 Bd1 42. f4 Kh6 43. f5 Bg4 44. f6 Kh7 45. Be8 Kg8 46. Ba4 Kh8 47. Bb3 Kh7
48. Kd2 Kg6 49. Kd3 Kh7 50. Ke3 Kg6 51. Kf2 Bh3 52. Ba4 Kh7 53. Bd1 Kg6 54. Ke3
Bf1 55. Kd4 Bb5 56. Bc2 Kh7 57. Kc5 Be2 58. Kd6 Bf3 59. Ke7 Kg6 60. Ba4 Bxe4
61. Be8 Kf5 62. Bxf7 Kxe5 63. Bxh5 Bd3 64. f7 Bf5 65. f8=Q Ke4 66. Qc8 Kf4 67.
Qc3 Ke4 68. Qc4+ Ke5 1-0